Đại số đại cương

Sách gồm có 6 chương chính và một chương chuẩn bị. Bốn chương đầu là nội dung của một giáo trình thông thường về đại số đại cương cho sinh viên các trường Đại học Khoa học và Đại học Sư phạm. Trong các chương đó cũng có thể dùng làm tư...

Descripción completa

Guardado en:
Detalles Bibliográficos
Autor principal: Nguyễn, Hữu Việt Hưng
Formato: Libro
Lenguaje:Undetermined
Publicado: Hà Nội Giáo Dục 1999
Materias:
Etiquetas: Agregar Etiqueta
Sin Etiquetas, Sea el primero en etiquetar este registro!
Thư viện lưu trữ: Trung tâm Học liệu Trường Đại học Cần Thơ
LEADER 01327nam a2200229Ia 4500
001 CTU_41526
008 210402s9999 xx 000 0 und d
020 |c 13000 
082 |a 512.02 
082 |b H556 
100 |a Nguyễn, Hữu Việt Hưng 
245 0 |a Đại số đại cương 
245 0 |c Nguyễn Hữu Việt Hưng 
260 |a Hà Nội 
260 |b Giáo Dục 
260 |c 1999 
520 |a Sách gồm có 6 chương chính và một chương chuẩn bị. Bốn chương đầu là nội dung của một giáo trình thông thường về đại số đại cương cho sinh viên các trường Đại học Khoa học và Đại học Sư phạm. Trong các chương đó cũng có thể dùng làm tư liệu chuyên đề về cơ sở lí thuyết nhóm và biểu diễn nhóm. Và nội dung của một chuyên đề về vành và môđun được thể hiện trong những chương còn lại. 
526 |a Lý thuyết nhóm,Lý thuyết vành và trường 
526 |b SP303,SP085 
650 |a Algebra, abstract,Algebraic fields,Combinations,Group theory 
904 |i Bạch Trúc 
980 |a Trung tâm Học liệu Trường Đại học Cần Thơ